00322nam a2200121Ia 4500008004100000040001600041041001200057082001700069100001800086245004900104260003300153300001400186230917s9999||||xx |||||||||||||| ||und|| e46513aMAIN aEnglish a821.8 Y34P:Y aPierce, David 0aW B Yeats: A guide through the critical maze aBristalbBristol Pressc1989 ax, 149 p.